00653 a2200193 4500999001500000010001400015020002500029035001300054037001500067082001100082100001600093245007600109260003700185270004800222300002800270500001900298942003100317952011100348 c8231d8231 aENG-88355 c80.00a9788170635611 aEN-71888 bDBAD / PUB00a370.71 aPuri, Amita10aHandbook of psychology laboratory for teacher educators/cby Amita Puri aNew DelhibArya Book Depotc2007 bNew Delhie110 005a30, Naiwala, Karol Bagh aviii, 96p.c24cm (pbk  aIncludes index adplcEN2ddch370.71 mPUR 001040718NFICaDBADbDBADeDBAD/PUBg80.00l0o370.71 PURpEN-71888r2008-09-15 00:00:00t1v80.00yEN